000 00882nam a2200253Ia 4500
003 IN-BaIIA
008 211028s9999 xx 000 0 eng d
020 _a3-540-13651-7
040 _cIIA Library
080 _a048.1:52/79/83
100 _aBohme, S.
_99376
245 0 _aAstronomy and astrophysics
_bvol. 35-36, author and subject indexes to volmes 25-34, literature 1979-1983
_cS. Bohme…[et al.]
260 _aBerlin
_bSpringer-Verlag
_c1984
300 _axiii, 891p.
650 _aAbstracts-Astronomy and Astrophysics
_96051
650 _aAstronomy and Astrophysics Abstracts
_96052
650 _aAstronomy and Astrophysics Thesaurus
700 _aEsser, U.
_99455
700 _aFricke, W.
_99456
700 _aGuntzel-Lingner, U.
_99457
700 _aHefele, H.
_99915
700 _aHoffman, W.
_913412
942 _cBK
999 _c7951
_d7951